Ilifa labobaba / (Record no. 8269)
[ view plain ]
| 000 -LEADER | |
|---|---|
| fixed length control field | 00698cam a2200229 i 4500 |
| 001 - CONTROL NUMBER | |
| control field | 2782743 |
| 003 - CONTROL NUMBER IDENTIFIER | |
| control field | GZU |
| 005 - DATE AND TIME OF LATEST TRANSACTION | |
| control field | 20210519092443.0 |
| 008 - FIXED-LENGTH DATA ELEMENTS--GENERAL INFORMATION | |
| fixed length control field | 800917s1970 rh 000 0 nic |
| 010 ## - LIBRARY OF CONGRESS CONTROL NUMBER | |
| LC control number | 80493597 |
| 040 ## - CATALOGING SOURCE | |
| Original cataloging agency | DLC |
| Transcribing agency | DLC |
| Modifying agency | DLC |
| 043 ## - GEOGRAPHIC AREA CODE | |
| Geographic area code | f-rh--- |
| 050 00 - LIBRARY OF CONGRESS CALL NUMBER | |
| Classification number | PL8647 |
| Item number | MNK 1970 |
| 100 1# - MAIN ENTRY--PERSONAL NAME | |
| Personal name | Mnkandla, Phineas N. |
| Fuller form of name | (Phineas Ngobiwa), |
| Dates associated with a name | 1936- |
| Relator term | author |
| 245 10 - TITLE STATEMENT | |
| Title | Ilifa labobaba / |
| Statement of responsibility, etc. | nguP. Ngobiwa Mnkandla. |
| 260 ## - PUBLICATION, DISTRIBUTION, ETC. | |
| Place of publication, distribution, etc. | Gwelo : |
| Name of publisher, distributor, etc. | Mambo Press, |
| Date of publication, distribution, etc. | 1970, 1976 printing. |
| 300 ## - PHYSICAL DESCRIPTION | |
| Extent | 84 p. ; |
| Dimensions | 19 cm. |
| 650 #0 - SUBJECT ADDED ENTRY--TOPICAL TERM | |
| Topical term or geographic name entry element | Folk literature, Ndebele (Zimbabwe) |
| 650 #0 - SUBJECT ADDED ENTRY--TOPICAL TERM | |
| Topical term or geographic name entry element | Ndebele (African people) |
| 906 ## - LOCAL DATA ELEMENT F, LDF (RLIN) | |
| a | 7 |
| b | cbc |
| c | orignew |
| d | 4 |
| e | ncip |
| f | 19 |
| g | y-gencatlg |
| 942 ## - ADDED ENTRY ELEMENTS (KOHA) | |
| Source of classification or shelving scheme | Library of Congress Classification |
| Koha item type | Books |
| Classification part | 8647 |
| Item part | MNK |
| Call number prefix | PL |
| Withdrawn status | Lost status | Source of classification or shelving scheme | Damaged status | Not for loan | Collection code | Home library | Current library | Shelving location | Date acquired | Inventory number | Total Checkouts | Full call number | Barcode | Date last seen | Copy number | Price effective from | Koha item type |
|---|---|---|---|---|---|---|---|---|---|---|---|---|---|---|---|---|---|
| Library of Congress Classification | Fiction | Mashava Campus Library | Mashava Campus Library | General Stacks | 05/19/2021 | 3801 | PL8647 MNK 1970 | G22046 | 05/19/2021 | c. 1 | 05/19/2021 | Books |